00903nam a2200229 a 4500001000900000005001700009008004100026020001500067040001800082050002500100100002800125245009000153260003700243300004200280500003800322500016100360600005200521650001400573700003800587700002400625700002400649BRCA_86720190320203202.0890222s1989 nyua---##c---#001-0#eng-u a0500235570 aDLCcDLCdDLC 4aNK7398.T5b.D86 19891 aDuncan, Alastaird1942-10aMasterworks of Louis Comfort TiffanycAlastair Duncan, Martin Eidelberg, Neil Harris. aLondresbThames and Hudsonc1989 a160 p.bil. (algunas a color)c30 cm. aIncluye índice de ilustraciones aCatálogo de la exposición realizada en la Galería de Renwick (Washington, C.C.) octubre, 1989 y en el Museo Metropolitano del Arte (Nueva York), 199014aTiffany, Louis Comfortd1848-1933vExposiciones14aJoyería1 aTiffany, Louis Comfortd1848-19331 aEidelberg, Martin P1 aHarris, Neild1938-